| 000 | 00703nam a2200229Ia 4500 | ||
|---|---|---|---|
| 001 | dg106-46180 | ||
| 003 | IT-MiCISF | ||
| 008 | 161014s9999||||xx |||||||||||||| ||und|| | ||
| 040 |
_aIT-MiCISF _cIT-MiCISF |
||
| 041 | _ait | ||
| 100 | _aMirabile Maria Luisa | ||
| 245 | 0 | _aEssere over: età, mercato del lavoro e nuovi scenari di welfare | |
| 250 | _a1a ed. | ||
| 260 |
_bItalia Lavoro _c2006 |
||
| 300 | _app. 171 | ||
| 500 | _aQuaderni Spinn-Ministero del lavoro e della previdenza sociale / lavoro, età-adulta, politiche-sociali, esperienze / documento | ||
| 650 | _alavoro | ||
| 700 | _aDe Laurentiis Aurelio | ||
| 700 | _aNardini Luciana | ||
| 942 | _cBK | ||
| 957 | _71 | ||
| 999 |
_a46180 _bsi _g1 _c209275 _d209275 |
||